Ochrana ozimnej repky proti krytonosom

Bibliographic Details
Main Author: Zvolenský, Jozef (Author)
Format: Article
Language:Slovak
PhysicalDescription:Obr. 2
Subjects:

MARC

LEADER 00000nab a2200000 a 4500
001 vtls000542827
003 SK-MaSNL
005 20260303011838.0
008 120928c1995 xo 0 slo
015 |a SNBRB19rr/mm-uuuuu 
035 |a CL0542965 
040 |a SNKBUCL  |b slo  |c SNKBUCL  |e AACR2 
041 0 |a slo 
044 |a xo  |c SK 
080 |a 632.76:633.853.492"324":632.951  |2 1981 
080 |a 633.853.492"324"  |2 1981 
080 |a 632.951  |2 1981 
100 1 |a Zvolenský, Jozef  |4 aut  |9 988833 
245 1 0 |a Ochrana ozimnej repky proti krytonosom  |c Jozef Zvolenský 
300 |b Obr. 2 
650 0 7 |a repka olejná  |2 snkbucl  |9 56830 
650 0 7 |a krytonos repkový  |2 snkbucl  |9 990848 
650 0 7 |a krytonos štvorzubý  |2 snkbucl  |9 990849 
655 7 |a články z novín a časopisov  |2 snkbucl  |9 267496 
773 0 |t Roľnícke noviny  |g Č. 72 (27. 3. 1995), s. 3 
850 |a Slovenská národná knižnica v Martine  |a MTA001 
852 |a SNK  |b KIS3GCP 
958 |a RK 
992 |a RBX 
999 |c 1594313  |d 1596243